| 000 | 00974nam a2200241Ia 4500 | ||
|---|---|---|---|
| 003 | GCL | ||
| 008 | 140319s9999 xx 000 0 ara d | ||
| 020 | _a666001977 | ||
| 040 |
_aGCL / _cGCL |
||
| 082 | 0 | 4 |
_aق _b956 _bص س |
| 100 | 1 | _aصلاح سالم | |
| 245 | 1 | 0 |
_aسياسة مصر العسكرية إزاء حروب الشرق الاوسط / _cصلاح سالم |
| 260 |
_aالقاهرة : _bالهيئة المصرية العامة للكتاب ، _c2000 |
||
| 300 |
_a218 ص ؛ _c16 سم |
||
| 490 |
_aتاريخ المصريين _v177 |
||
| 650 | 0 | 4 | _aالشرق الاوسط - تاريخ - العصر الحديث |
| 650 | 0 | 4 | _aالشرق الاوسط - تاريخ |
| 650 | 0 | 4 | _aالمياه - قوانين وتشريعات |
| 650 | 0 | 4 | _aالعالم العربى - تاريخ - العصر الحديث |
| 650 | 0 | 4 | _aمصر - السياسة العسكرية |
| 650 | 0 | 4 | _aالشرق الاوسط - علاقات خارجية - مصر |
| 942 |
_2ddc _cBK |
||
| 999 |
_c51184 _d51184 |
||